| 000 | 00498nam a2200205Ia 4500 | ||
|---|---|---|---|
| 008 | 170918s9999 xx 000 0 und d | ||
| 020 | _a9780439161671 | ||
| 050 | _bH551 2000 | ||
| 100 | _aHerman, Gail | ||
| 245 | _aMap in the mystery machine / | ||
| 245 | _cGail Herman. | ||
| 260 | _aNew York : | ||
| 260 | _bScholastic, | ||
| 260 | _c2000 | ||
| 300 | _a32 pages : | ||
| 300 | _bcolored illustration ; | ||
| 300 | _c23cm. | ||
| 440 | _aScooby-doo! Readers level 2. | ||
| 500 | _a150 | ||
| 999 |
_c341011 _d341011 |
||